000 00392nam a22001817a 4500
005 20170920122338.0
008 160905b xxu||||| |||| 00| 0 eng d
020 _a978-81-317-3253-3
041 _aeng
082 _a621
100 _aBOLTON,W
_93502
245 _aMECHATRONICS
250 _a4th
260 _bPEARSON
_c2014
300 _a582
650 _aENGINEERING
_93964
942 _cBK
999 _c5202
_d5200